Oldest Nations in history - Statistics

General Stats
  • This quiz has been taken 100 times
  • The average score is 10 of 15
Answer Stats
Hint Answer % Correct
2070 B.C. China
96%
3000 B.C. Egypt
96%
250 A.D. Japan
89%
2500 B.C. Greece
88%
2800 B.C. India
84%
753 B.C. Italy
84%
783 B.C. Iran
83%
1030 B.C. Israel
70%
400 B.C. Ethiopia
66%
1350 B.C. Vietnam
57%
700 B.C. Korea
43%
1500 B.C. Armenia
40%
936 B.C. Libya
37%
543 B.C. Sri Lanka
25%
808 B.C. Macedonia
19%
No matching quizzes found
Score Distribution
Percent of People with Each Score
Percentile by Number Answered
Your Score History
You have not taken this quiz